Statistics for Can't Cliches Quiz

Click here to take the quiz!

General Stats

  • This quiz has been taken 81,105 times
    (58,426 since last reset)
  • The average score is 12 of 20

Answer Stats

Cliche% Correct
You can't always get what you {want}
99%
You can't judge a book by its {cover}
96%
You can't teach an old dog {new} {tricks}
90%
A leopard can't change its {spots}
88%
Beggars can't be {choosers}
87%
If you can't beat 'em, {join} '{em}
87%
You can't make an {omelet} without breaking some eggs
83%
You can't have your {cake} and eat it too
82%
You can lead a horse to water, but you can't {make} {it} {drink}
76%
If you can't stand the heat, get out of the {kitchen}
67%
You can't hit what you {can}'{t} {see}
61%
Man can't live on {bread} alone
52%
You can't keep a {good} {man} down
49%
You can't cheat an {honest} man
43%
You can't squeeze {blood} from a turnip
38%
You can't make a {silk} {purse} out of a sow's ear
29%
You can't {fight} city hall
24%
You can't run with the hare and hunt with the {hounds}
23%
You can't {unring} a bell
20%
If you can't be good, be {careful}
14%

Score Distribution

Percentile by Number Answered

Percent of People with Each Score

Your Score History

You have not taken this quiz since the last reset